书目信息 |
| 题名: |
市政管道工程
|
|
| 作者: | 邹宇 , 杨甲奇 主编 | |
| 分册: | ||
| 出版信息: | 成都 西南交通大学出版社 2021.6 |
|
| 页数: | 192页 | |
| 开本: | 26cm | |
| 丛书名: | ||
| 单 册: | ||
| 中图分类: | TU990.3 | |
| 科图分类: | ||
| 主题词: | 市政工程--管道工程 | |
| 电子资源: | ||
| ISBN: | 978-7-5643-5113-7 | |
| 000 | 00866nam0 2200253 45 | |
| 001 | 012001002613 | |
| 005 | 20141008093021.0 | |
| 010 | @a978-7-5643-5113-7@dCNY29.80 | |
| 096 | @aTU990.3@bzy | |
| 100 | @a20170315d2016 em y0chiy50 ea | |
| 101 | 0 | @achi |
| 102 | @aCN@b510000 | |
| 105 | @aa z 000yy | |
| 106 | @ar | |
| 200 | 1 | @a市政管道工程@Ashi zheng guan dao gong cheng@f邹宇,杨甲奇主编 |
| 210 | @a成都@c西南交通大学出版社@d2021.6 | |
| 215 | @a192页@c图@d26cm | |
| 330 | @a本书选取给水管道工程开槽施工、排水管道工程开槽施工、市政管道不开槽施工、盾构法施工等六大任务作为教学主线,每项任务附有相应习题,以巩固基础,突出重点。 | |
| 606 | 0 | @a市政工程@x管道工程 |
| 690 | @aTU990.3@v5 | |
| 701 | 0 | @a邹宇@Azou yu@c(职业技术)@4主编 |
| 701 | 0 | @a杨甲奇@Ayang jia qi@f(1965 )@4主编 |
| 801 | 2 | @aCN@bBJSDL@c20211018 |
| 905 | @b1344500-3@dTU990.3@e2048@f4 | |
| 市政管道工程/邹宇,杨甲奇主编.-成都:西南交通大学出版社,2021.6 |
| 192页:图;26cm |
| ISBN 978-7-5643-5113-7:CNY29.80 |
| 本书选取给水管道工程开槽施工、排水管道工程开槽施工、市政管道不开槽施工、盾构法施工等六大任务作为教学主线,每项任务附有相应习题,以巩固基础,突出重点。 |
| ● |
| 相关链接 |
|
|
|
|
正题名:市政管道工程
索取号:TU990.3/2048
 
预约/预借
| 序号 | 登录号 | 条形码 | 馆藏地/架位号 | 状态 | 备注 |
| 1 | 1344500 | 213445002 | 第二样本阅览室/ [索取号:TU990.3/2048] | 在馆 | |
| 2 | 1344501 | 213445011 | 第三借阅区/ [索取号:TU990.3/2048] | 在馆 | |
| 3 | 1344502 | 213445020 | 第三借阅区/ [索取号:TU990.3/2048] | 在馆 | |
| 4 | 1344503 | 213445039 | 第三借阅区/ [索取号:TU990.3/2048] | 在馆 |